Экспериментальное исследование деформаций при трехосном прессовании металлических порошков методом делительных сеток; Порошковая металлургия; № 6

Détails bibliographiques
Parent link:Порошковая металлургия: научно-технический журнал/ Академия наук Украинской ССР (АН УССР), Институт проблем материаловедения им И. Н. Францевича (ИПМ).— , 1969-.— 0032-4795
№ 6.— 1985.— с. 10-14
Auteur principal: Соляник А. С.
Autres auteurs: Щипицын С. Н., Мидуков В. З.
Langue:russe
Publié: 1985
Sujets:
Format: Chapitre de livre
KOHA link:https://koha.lib.tpu.ru/cgi-bin/koha/opac-detail.pl?biblionumber=446266

MARC

LEADER 00000naa2a2200000 4500
001 446266
005 20231101082457.0
035 |a (RuTPU)RU\TPU\prd\108121 
035 |a RU\TPU\tpu\12582 
090 |a 446266 
100 |a 20110428a1985 k y0rusy50 ca 
101 0 |a rus 
102 |a RU 
200 1 |a Экспериментальное исследование деформаций при трехосном прессовании металлических порошков методом делительных сеток  |f А. С. Соляник, С. Н. Щипицын, В. З. Мидуков 
461 0 |0 (RuTPU)RU\TPU\prd\297  |x 0032-4795  |t Порошковая металлургия  |o научно-технический журнал  |f Академия наук Украинской ССР (АН УССР), Институт проблем материаловедения им И. Н. Францевича (ИПМ)  |d 1969- 
463 0 |0 (RuTPU)RU\TPU\prd\108114  |t № 6  |v с. 10-14  |d 1985 
610 1 |a деформации 
610 1 |a трехосное пресование 
610 1 |a металлические порошки 
610 1 |a делительные сетки 
610 1 |a труды учёных ТПУ 
700 1 |a Соляник  |b А. С. 
701 1 |a Щипицын  |b С. Н. 
701 1 |a Мидуков  |b В. З. 
801 1 |a RU  |b 63413507  |c 20050708  |g PSBO 
801 2 |a RU  |b 63413507  |c 20110428  |g RCR 
942 |c BK